[Event "BL 9293 München 36-Dortmund"]
[Site "?"]
[Date "1993.??.??"]
[Round "?.7"]
[White "Michalek, C."]
[Black "Ruf, M."]
[Result "0-1"]
[WhiteElo "2230"]
[BlackElo "2425"]
[PlyCount "74"]
[EventDate "1993.??.??"]

1. Nf3 d6 2. g3 g6 3. Bg2 Bg7 4. O-O e5 5. d3 Ne7 6. c4 O-O 7. Nc3 c5 8. Rb1
Nbc6 9. a3 a5 10. Nb5 h6 11. Bd2 Be6 12. Qc2 Qd7 13. b4 axb4 14. axb4 b6 15.
Bc3 Rfc8 16. bxc5 bxc5 17. Qb2 Rab8 18. e4 Na7 19. Nd2 Rb6 20. f4 Rcb8 21. Qa1
Nxb5 22. cxb5 Rxb5 23. Rxb5 Rxb5 24. Nc4 f6 25. Qa8+ Kh7 26. Ra1 Rb3 27. Ra7
Qc8 28. Ba5 Rxd3 29. Nb6 Qxa8 30. Rxa8 Nc6 31. f5 Bf7 32. fxg6+ Bxg6 33. Be1
Nd4 34. Nd5 Nc2 35. Ba5 Ne3 36. Nc3 Nxg2 37. Kxg2 Rxc3 0-1

[Event "BL 9293 München 36-Dortmund"]
[Site "?"]
[Date "1993.??.??"]
[Round "?.8"]
[White "Reich, T."]
[Black "Krojanski, HG."]
[Result "0-1"]
[WhiteElo "2375"]
[BlackElo "2310"]
[PlyCount "106"]
[EventDate "1993.??.??"]

1. e4 d6 2. d4 Nf6 3. Nc3 g6 4. Be3 c6 5. Qd2 b5 6. f3 Nbd7 7. g4 Nb6 8. g5 Ng8
9. b3 Bg7 10. Nge2 e6 11. h4 h5 12. Ng3 Ne7 13. Rd1 a5 14. Bh3 d5 15. O-O O-O
16. Nce2 Qc7 17. Bg2 Nd7 18. f4 dxe4 19. Bxe4 Bb7 20. c4 bxc4 21. bxc4 Nb6 22.
Qc2 Nf5 23. Bf2 Ba6 24. Nxf5 exf5 25. Bd3 Rfe8 26. Rb1 Nd7 27. Qd2 Nf8 28. Rfc1
Qd8 29. d5 cxd5 30. c5 Bxd3 31. Qxd3 Ne6 32. Rb7 d4 33. Qc4 d3 34. Ng3 Bd4 35.
Rd1 Bxf2+ 36. Kxf2 Qc8 37. c6 Rd8 38. Nxf5 gxf5 39. g6 f6 40. Re1 Re8 41. Rd7
Qa6 42. Qd5 Qb6+ 43. Kf1 d2 44. Rxe6 d1=Q+ 45. Qxd1 Rxe6 46. Qxh5 Qb1+ 47. Rd1
Qb5+ 48. Kg1 Re7 49. Qf3 Rae8 50. Qc3 Qb6+ 51. Kf1 Qb5+ 52. Kg1 Qe2 53. Qb3+
Kh8 0-1

[Event "BL 9293 Solingen-München 36"]
[Site "?"]
[Date "1993.??.??"]
[Round "?.1"]
[White "Smejkal, J."]
[Black "Podzielny, KH."]
[Result "1/2-1/2"]
[WhiteElo "2500"]
[BlackElo "2450"]
[PlyCount "33"]
[EventDate "1993.??.??"]

1. Nf3 Nf6 2. c4 c5 3. Nc3 e6 4. g3 b6 5. Bg2 Bb7 6. O-O d6 7. Re1 a6 8. e4 Qc7
9. d4 cxd4 10. Nxd4 Be7 11. Be3 Nbd7 12. Rc1 Rc8 13. f4 Qb8 14. Qe2 Qa8 15. Bf2
g6 16. Nb3 O-O 17. Bd4 1/2-1/2

[Event "BL 9293 Solingen-München 36"]
[Site "?"]
[Date "1993.??.??"]
[Round "?.2"]
[White "Zysk, R."]
[Black "Stohl, I."]
[Result "1/2-1/2"]
[WhiteElo "2440"]
[BlackElo "2540"]
[PlyCount "49"]
[EventDate "1993.??.??"]

1. d4 Nf6 2. c4 e6 3. Nf3 b6 4. Nc3 Bb7 5. Bg5 Be7 6. e3 h6 7. Bh4 Ne4 8. Bxe7
Qxe7 9. Nxe4 Bxe4 10. Be2 O-O 11. O-O c5 12. Rc1 d6 13. a3 Nd7 14. b4 Rac8 15.
Qb3 Rc7 16. dxc5 dxc5 17. b5 Bxf3 18. Bxf3 Ne5 19. Be2 Rd8 20. Qc3 Nd7 21. a4
Nf6 22. Rfd1 Rcd7 23. f3 Rxd1+ 24. Rxd1 Rxd1+ 25. Bxd1 1/2-1/2

[Event "BL 9293 Solingen-München 36"]
[Site "?"]
[Date "1993.??.??"]
[Round "?.3"]
[White "Lau, R."]
[Black "Reeh, O."]
[Result "1/2-1/2"]
[WhiteElo "2530"]
[BlackElo "2435"]
[PlyCount "61"]
[EventDate "1993.??.??"]

1. e4 c5 2. Nf3 d6 3. d4 cxd4 4. Nxd4 Nf6 5. Nc3 Nc6 6. Bg5 e6 7. Qd2 Be7 8.
O-O-O O-O 9. f4 h6 10. Bh4 Bd7 11. Nf3 Qa5 12. Kb1 Rfd8 13. Qe1 Be8 14. Bc4 Qc7
15. Bb3 Na5 16. g4 Nxb3 17. axb3 b5 18. g5 hxg5 19. fxg5 Nh5 20. g6 b4 21.
gxf7+ Bxf7 22. Nb5 Qb7 23. Nbd4 Re8 24. Bxe7 Rxe7 25. Qh4 Rf8 26. Ng5 Nf6 27.
Rhf1 Bh5 28. Rd3 Qc8 29. Rg3 Nxe4 30. Rxf8+ Qxf8 31. Qxe4 1/2-1/2

[Event "BL 9293 Solingen-München 36"]
[Site "?"]
[Date "1993.??.??"]
[Round "?.4"]
[White "Schaefer, Ma"]
[Black "Gruenberg, HU."]
[Result "1-0"]
[WhiteElo "2430"]
[BlackElo "2495"]
[PlyCount "63"]
[EventDate "1993.??.??"]

1. e4 c5 2. Nf3 d6 3. d4 Nf6 4. Nc3 cxd4 5. Nxd4 a6 6. Be2 e6 7. O-O Be7 8. f4
O-O 9. Kh1 Qc7 10. a4 b6 11. e5 dxe5 12. fxe5 Nfd7 13. Bf3 Bb7 14. Bxb7 Qxb7
15. Bf4 Bc5 16. Nf3 Nc6 17. Ne4 Ne7 18. Qe2 Qc6 19. c3 Nf5 20. Nfd2 b5 21. a5
Rfc8 22. b4 Ba7 23. Rac1 Qd5 24. Ng3 Nf8 25. Nde4 Rd8 26. Nxf5 exf5 27. Nd6 g6
28. Bg5 Rd7 29. Bf6 Bb8 30. Nc8 Qd3 31. Qxd3 Rxd3 32. Ne7# 1-0

[Event "BL 9293 Solingen-München 36"]
[Site "?"]
[Date "1993.??.??"]
[Round "?.5"]
[White "Volke, K."]
[Black "Thesing, M."]
[Result "1/2-1/2"]
[WhiteElo "2460"]
[BlackElo "2385"]
[PlyCount "61"]
[EventDate "1993.??.??"]

1. d4 Nf6 2. c4 e6 3. Nc3 d5 4. Bg5 dxc4 5. e3 a6 6. Bxc4 b5 7. Be2 Bb7 8. Bf3
Bxf3 9. Nxf3 Nbd7 10. O-O Be7 11. Qc2 O-O 12. Rfd1 Rc8 13. Ne5 c6 14. Bxf6 Nxf6
15. a4 Qb6 16. Ne4 Nxe4 17. Qxe4 Rfd8 18. a5 Qc7 19. Rdc1 c5 20. dxc5 Rd5 21.
f4 Rxc5 22. Rxc5 Qxc5 23. Rd1 Bf6 24. Nd7 Qc2 25. Qxc2 Rxc2 26. b4 Bc3 27. Nb8
Bd2 28. Nxa6 Bxe3+ 29. Kh1 h5 30. g3 h4 31. gxh4 1/2-1/2

[Event "BL 9293 Solingen-München 36"]
[Site "?"]
[Date "1993.??.??"]
[Round "?.7"]
[White "Pezerovic, E."]
[Black "Jukic, B."]
[Result "0-1"]
[WhiteElo "2435"]
[BlackElo "2360"]
[PlyCount "80"]
[EventDate "1993.??.??"]

1. Nf3 Nf6 2. d4 g6 3. Bg5 Bg7 4. Nbd2 c5 5. e3 b6 6. Bd3 Bb7 7. O-O d6 8. Qe2
O-O 9. c3 a6 10. a4 Nbd7 11. e4 h6 12. Bh4 Qc7 13. Rfe1 e5 14. dxe5 dxe5 15.
Nf1 Rfe8 16. Rad1 Nh5 17. Bc4 Nf4 18. Qd2 Bc6 19. Qc2 b5 20. Bd5 Bxd5 21. exd5
c4 22. d6 Qc6 23. Be7 Nd3 24. Re2 Bf8 25. Qd2 Bxe7 26. dxe7 Kg7 27. Ne1 N7c5
28. Nxd3 Nxd3 29. Re3 Rxe7 30. Rh3 Nf4 31. Rg3 h5 32. Ne3 Kh7 33. a5 Raa7 34.
Qc2 Rad7 35. Rxd7 Rxd7 36. h4 Rd3 37. b3 Qe4 38. Qb2 cxb3 39. Qxb3 Ne2+ 40. Kh2
Qxh4+ 0-1

[Event "BL 9293 Solingen-München 36"]
[Site "?"]
[Date "1993.??.??"]
[Round "?.8"]
[White "Serrer, C."]
[Black "Reich, T."]
[Result "1-0"]
[WhiteElo "2275"]
[BlackElo "2375"]
[PlyCount "93"]
[EventDate "1993.??.??"]

1. Nf3 d5 2. d4 e6 3. c4 c5 4. cxd5 exd5 5. Nc3 Nf6 6. g3 Nc6 7. Bg2 Be7 8. O-O
O-O 9. Bg5 Be6 10. dxc5 Bxc5 11. Bxf6 Qxf6 12. Nxd5 Qxb2 13. Nc7 Rad8 14. Qc1
Qxc1 15. Raxc1 b6 16. Nxe6 fxe6 17. Rc4 Nd4 18. Nxd4 Rxd4 19. Rxd4 Bxd4 20. e3
Bc5 21. Rd1 Re8 22. Bc6 Re7 23. Kg2 Rc7 24. Be4 Be7 25. h4 b5 26. h5 a5 27. Rd2
a4 28. Rc2 Ra7 29. Rc8+ Kf7 30. Bxh7 b4 31. Bg8+ Kf6 32. Rc6 Kg5 33. Bxe6 Kh6
34. g4 g6 35. Bf5 Kg7 36. Rxg6+ Kh8 37. Rh6+ Kg7 38. g5 Ra5 39. Rg6+ Kh8 40.
Rh6+ Kg7 41. Re6 Bxg5 42. h6+ Bxh6 43. Rg6+ Kh7 44. Bd3 Rd5 45. Rd6+ Rxd3 46.
Rxd3 Bg7 47. Rd6 1-0

[Event "BL 9293 Dortmund-Bayern"]
[Site "?"]
[Date "1993.??.??"]
[Round "?.2"]
[White "Buecker, S."]
[Black "Yusupov, A."]
[Result "0-1"]
[WhiteElo "2365"]
[BlackElo "2645"]
[PlyCount "50"]
[EventDate "1993.??.??"]

1. f4 d5 2. b3 Bg4 3. h3 Bh5 4. g4 e5 5. Nf3 e4 6. e3 Bg6 7. Ne5 Bd6 8. Nxg6
hxg6 9. Qe2 g5 10. Qb5+ Nc6 11. Qxd5 gxf4 12. Bb2 fxe3 13. Qxe4+ Kf8 14. Bd3
Qh4+ 15. Kd1 Re8 16. Qg2 Ne5 17. Be2 Nf6 18. Nc3 Nexg4 19. Rg1 Nf2+ 20. Kc1
exd2+ 21. Kb1 Rh7 22. Nd5 Nxd5 23. Bxg7+ Rxg7 24. Qxg7+ Ke7 25. Rf1 Kd8 0-1

[Event "BL 9293 Dortmund-Bayern"]
[Site "?"]
[Date "1993.??.??"]
[Round "?.3"]
[White "Ribli, Z."]
[Black "Dermann, G."]
[Result "1-0"]
[WhiteElo "2620"]
[BlackElo "2330"]
[PlyCount "43"]
[EventDate "1993.??.??"]

1. Nf3 Nf6 2. c4 e6 3. g3 b6 4. Bg2 Bb7 5. Nc3 Be7 6. d4 O-O 7. d5 exd5 8. cxd5
a5 9. O-O d6 10. Be3 Ng4 11. Bd4 Bf6 12. Rc1 Nd7 13. Bxf6 Ngxf6 14. Nd4 Nc5 15.
Qc2 Re8 16. b3 Re5 17. e4 Qd7 18. a3 Rae8 19. f3 c6 20. dxc6 Bxc6 21. Nxc6 Qxc6
22. f4 1-0

[Event "BL 9293 Dortmund-Bayern"]
[Site "?"]
[Date "1993.??.??"]
[Round "?.4"]
[White "Kalka, A."]
[Black "Bischoff, K."]
[Result "1/2-1/2"]
[WhiteElo "2385"]
[BlackElo "2505"]
[PlyCount "64"]
[EventDate "1993.??.??"]

1. e4 c5 2. Nf3 e6 3. d4 cxd4 4. Nxd4 a6 5. Nc3 Qc7 6. Bd3 Nf6 7. O-O Bc5 8.
Be3 d6 9. Qe2 Nbd7 10. Rfe1 O-O 11. Nf3 b5 12. e5 dxe5 13. Bxc5 Nxc5 14. Nxe5
Bb7 15. a3 Rfd8 16. Rad1 Rac8 17. Rd2 g6 18. Red1 Kg7 19. h3 Rd4 20. Qe3 Rcd8
21. Ne2 R4d5 22. f4 Nxd3 23. cxd3 Rc8 24. Nc3 Rdd8 25. Ng4 Ng8 26. d4 h5 27.
Nf2 Ne7 28. Qe5+ Qxe5 29. dxe5 Rxd2 30. Rxd2 Nd5 31. Nxd5 Bxd5 32. Nd1 Rc4
1/2-1/2

[Event "BL 9293 Dortmund-Bayern"]
[Site "?"]
[Date "1993.??.??"]
[Round "?.5"]
[White "Kindermann, S."]
[Black "Illner, A."]
[Result "1/2-1/2"]
[WhiteElo "2495"]
[BlackElo "2320"]
[PlyCount "50"]
[EventDate "1993.??.??"]

1. e4 e6 2. d4 d5 3. Nc3 dxe4 4. Nxe4 Bd7 5. Nf3 Bc6 6. Bd3 Nd7 7. O-O Ngf6 8.
Neg5 Bd6 9. Re1 h6 10. Nh3 Bxf3 11. Qxf3 c6 12. Nf4 Qa5 13. c3 O-O 14. Bc2 e5
15. b4 Qd8 16. Ne2 Re8 17. Qg3 Kh8 18. Qh3 Bf8 19. Be3 Qc7 20. dxe5 Nxe5 21.
Bf4 Nd5 22. Bg3 Bd6 23. Nd4 Ng6 24. Bxg6 Bxg3 25. hxg3 fxg6 1/2-1/2

[Event "BL 9293 Dortmund-Bayern"]
[Site "?"]
[Date "1993.??.??"]
[Round "?.6"]
[White "Schulenburg, P."]
[Black "Boensch, U."]
[Result "0-1"]
[WhiteElo "2295"]
[BlackElo "2490"]
[PlyCount "76"]
[EventDate "1993.??.??"]

1. e4 c5 2. Nf3 d6 3. d3 Nc6 4. g3 g6 5. Bg2 Bg7 6. O-O Nf6 7. c3 O-O 8. Re1
Bg4 9. d4 cxd4 10. cxd4 Qb6 11. d5 Ne5 12. Qe2 Rfc8 13. Na3 Nfd7 14. Rb1 Nc5
15. Nc4 Nxf3+ 16. Bxf3 Bxf3 17. Nxb6 Bxe2 18. Nxc8 Bd3 19. Nxe7+ Kf8 20. b4 Nd7
21. Rb3 Bc4 22. Nxg6+ hxg6 23. Ra3 a6 24. Bf4 Ke7 25. Bd2 Bb2 26. Rae3 Bd4 27.
Ra3 Ne5 28. Kg2 Nd3 29. Rd1 Bb2 30. Rxd3 Bxd3 31. Bg5+ f6 32. Bxf6+ Kxf6 33.
Rxd3 Ke5 34. f3 Rc8 35. b5 Rc2+ 36. Kh3 a5 37. Re3 a4 38. f4+ Kd4 0-1

[Event "BL 9293 Dortmund-Bayern"]
[Site "?"]
[Date "1993.??.??"]
[Round "?.7"]
[White "Schlosser, P."]
[Black "Theissen, H."]
[Result "1-0"]
[WhiteElo "2520"]
[BlackElo "2300"]
[PlyCount "99"]
[EventDate "1993.??.??"]

1. d4 Nf6 2. Nf3 g6 3. c4 Bg7 4. g3 d6 5. Bg2 O-O 6. O-O Nbd7 7. Qc2 e5 8. Rd1
Re8 9. dxe5 dxe5 10. e4 Qe7 11. h3 Nc5 12. Nc3 c6 13. b4 Ne6 14. Rb1 a5 15. b5
Nd4 16. Nxd4 exd4 17. Rxd4 Ng4 18. Rd2 Ne5 19. bxc6 bxc6 20. Na4 Be6 21. Nb6
Rab8 22. c5 Bf8 23. Ba3 Bxh3 24. f4 Bxg2 25. Kxg2 Ng4 26. Kf3 h5 27. Rd6 Nh2+
28. Kg2 Ng4 29. Re1 h4 30. Qc4 Nf6 31. e5 Bg7 32. g4 Nxg4 33. Rxg6 Nh6 34. Kf3
Rxb6 35. Reg1 Nf5 36. R1g5 Kh7 37. Rxg7+ Nxg7 38. Qd3+ Kg8 39. cxb6 Qe6 40. Rg4
h3 41. Rh4 f6 42. Rh6 Nf5 43. Rxf6 h2 44. Kg2 Ne3+ 45. Qxe3 Qxf6 46. Qg3+ Qg7
47. Qxg7+ Kxg7 48. Bd6 Rh8 49. Kh1 c5 50. b7 1-0

[Event "BL 9293 Dortmund-Bayern"]
[Site "?"]
[Date "1993.??.??"]
[Round "?.8"]
[White "Roesemann, R."]
[Black "Stangl, M."]
[Result "0-1"]
[WhiteElo "2195"]
[BlackElo "2505"]
[PlyCount "56"]
[EventDate "1993.??.??"]

1. c4 e6 2. Nc3 d5 3. d4 c6 4. Nf3 dxc4 5. a4 Bb4 6. Bg5 Ne7 7. e4 b5 8. Be2
Bb7 9. O-O a6 10. Qc2 h6 11. Bh4 Nd7 12. Rad1 O-O 13. d5 exd5 14. exd5 Qb6 15.
dxc6 Qxc6 16. Bxe7 Bxe7 17. Nd5 Rfe8 18. Nd4 Qc5 19. b4 cxb3 20. Qxc5 Nxc5 21.
Nxe7+ Rxe7 22. axb5 a5 23. Bc4 a4 24. Nf5 Rd7 25. Rxd7 Nxd7 26. f4 Nb6 27. Bxb3
axb3 28. Rb1 Be4 0-1

[Event "BL 9293 Dresden-HSK"]
[Site "?"]
[Date "1993.??.??"]
[Round "?.3"]
[White "Ftacnik, L."]
[Black "Dobrovolsky, L."]
[Result "0-1"]
[WhiteElo "2535"]
[BlackElo "2405"]
[PlyCount "106"]
[EventDate "1993.??.??"]

1. d4 d5 2. c4 c6 3. Nf3 Nf6 4. Nc3 e6 5. Bg5 Nbd7 6. e3 Be7 7. Qc2 O-O 8. Rd1
b6 9. Bd3 dxc4 10. Bxc4 Nd5 11. Bxe7 Qxe7 12. O-O Bb7 13. Rfe1 Nxc3 14. bxc3 c5
15. Bd3 Bxf3 16. gxf3 Nf6 17. e4 g6 18. Qd2 cxd4 19. cxd4 Rfd8 20. Bc4 Rac8 21.
Bb3 Rc5 22. e5 Nh5 23. Qe3 Ra5 24. Qe4 Qg5+ 25. Kh1 Qf4 26. Re3 Ra3 27. Red3
Rc8 28. d5 exd5 29. Rxd5 Qxe4 30. fxe4 Rf8 31. Rd7 Nf4 32. Re7 Ne6 33. Rd6 Nc5
34. Bd5 Rf3 35. Kg2 Rf4 36. Rf6 Nd3 37. Kg3 g5 38. Bc4 Nxe5 39. Rxf4 gxf4+ 40.
Kxf4 Nxc4 41. Rxa7 Rc8 42. Kg3 Rc5 43. f4 Ra5 44. Rc7 Ra3+ 45. Kg4 b5 46. Rb7
Rxa2 47. Rxb5 Rxh2 48. e5 Re2 49. Rb4 Rc2 50. Kg5 Kg7 51. f5 h6+ 52. Kf4 Rf2+
53. Kg3 Nxe5 0-1

[Event "BL 9293 Dresden-HSK"]
[Site "?"]
[Date "1993.??.??"]
[Round "?.4"]
[White "Kaminski, U."]
[Black "Mueller, Ka"]
[Result "1/2-1/2"]
[WhiteElo "2400"]
[BlackElo "2490"]
[PlyCount "81"]
[EventDate "1993.??.??"]

1. e4 d5 2. exd5 Qxd5 3. Nc3 Qa5 4. d4 Bf5 5. Nf3 Nf6 6. Bd2 c6 7. Bc4 e6 8.
Bb3 Qc7 9. Qe2 Nbd7 10. h3 Bd6 11. O-O-O O-O-O 12. Rhe1 a6 13. Ne5 Bg6 14. Nc4
Bf4 15. Kb1 Bxd2 16. Rxd2 b5 17. Ne3 c5 18. dxc5 Nxc5 19. Red1 Qc6 20. Rxd8+
Rxd8 21. Rxd8+ Kxd8 22. f3 Kc8 23. Kc1 h5 24. a3 Nxb3+ 25. cxb3 Nd7 26. b4 Ne5
27. Ned5 Nd3+ 28. Qxd3 Bxd3 29. Ne7+ Kd7 30. Nxc6 Kxc6 31. h4 e5 32. Kd2 Bf5
33. Ke3 f6 34. g3 Kd6 35. a4 bxa4 36. Nxa4 Kd5 37. Nc5 Bc8 38. Na4 Bf5 39. Nc5
Bc8 40. Na4 Bf5 41. Nc5 1/2-1/2

[Event "BL 9293 Dresden-HSK"]
[Site "?"]
[Date "1993.??.??"]
[Round "?.5"]
[White "Maus, So"]
[Black "Borriss, M."]
[Result "1-0"]
[WhiteElo "2420"]
[BlackElo "2395"]
[PlyCount "97"]
[EventDate "1993.??.??"]

1. e4 c5 2. Nc3 d6 3. g3 Nc6 4. Bg2 g6 5. d3 Bg7 6. Nge2 e6 7. O-O Nge7 8. Be3
Nd4 9. Rb1 O-O 10. a3 Rb8 11. Qd2 b5 12. b4 a6 13. Rfc1 Re8 14. Bh6 Bh8 15. Nd1
Bb7 16. c3 Nxe2+ 17. Qxe2 Rc8 18. Be3 cxb4 19. axb4 e5 20. c4 Qd7 21. Nc3 Rc7
22. Qa2 Rec8 23. Nd5 Nxd5 24. exd5 Re8 25. Bb6 bxc4 26. Bxc7 Qxc7 27. dxc4 e4
28. Re1 f5 29. c5 Be5 30. Bf1 Qf7 31. c6 Bxc6 32. Rbd1 Bc3 33. Re3 Be5 34. Qxa6
Bb7 35. Qa2 Rf8 36. b5 h5 37. Bc4 h4 38. Qe2 hxg3 39. fxg3 f4 40. gxf4 Qxf4 41.
Rxe4 Qf6 42. Rf1 Bd4+ 43. Kg2 Qg5+ 44. Rg4 Bxd5+ 45. Bxd5+ Qxd5+ 46. Rf3 Ra8
47. Kh3 Be5 48. Rxg6+ Kh7 49. Rd3 1-0

[Event "BL 9293 Dresden-HSK"]
[Site "?"]
[Date "1993.??.??"]
[Round "?.6"]
[White "Goldberg, A."]
[Black "Michaelsen, N."]
[Result "1/2-1/2"]
[WhiteElo "2365"]
[BlackElo "2415"]
[PlyCount "66"]
[EventDate "1993.??.??"]

1. e4 d5 2. exd5 Qxd5 3. Nc3 Qa5 4. d4 Bf5 5. Bc4 c6 6. Nge2 e6 7. O-O Nd7 8.
Ng3 Bg6 9. Qe2 O-O-O 10. Nce4 Ngf6 11. c3 h5 12. Ng5 h4 13. N3e4 Nxe4 14. Nxe4
Be7 15. Bf4 Nb6 16. Bd3 Nd5 17. Bd2 Qc7 18. Ng5 Bh5 19. Qe4 Bd6 20. h3 Bf4 21.
Bxf4 Nxf4 22. Qe3 c5 23. Be4 cxd4 24. cxd4 Kb8 25. Bf3 Nd5 26. Qe5 f6 27. Qxc7+
Nxc7 28. Bxh5 Rxh5 29. Nf3 Nb5 30. Rfe1 Rhd5 31. Rxe6 Nxd4 32. Nxd4 Rxd4 33.
Rae1 Rd2 1/2-1/2

[Event "BL 9293 Dresden-HSK"]
[Site "?"]
[Date "1993.??.??"]
[Round "?.7"]
[White "Reefschlaeger, H."]
[Black "Heinatz, T."]
[Result "1/2-1/2"]
[WhiteElo "2395"]
[BlackElo "2365"]
[PlyCount "104"]
[EventDate "1993.??.??"]

1. e4 c5 2. f4 d5 3. Nc3 dxe4 4. Nxe4 e6 5. Nf3 Nc6 6. b3 Nf6 7. Nf2 Bd6 8. Nd3
O-O 9. Bb2 b6 10. g3 Ba6 11. c4 Be7 12. Qe2 Qd6 13. Nde5 Rad8 14. Nxc6 Qxc6 15.
Bg2 Bb7 16. d3 Nd7 17. O-O Bf6 18. Rad1 h6 19. d4 cxd4 20. Bxd4 Bxd4+ 21. Nxd4
Qxg2+ 22. Qxg2 Bxg2 23. Kxg2 Nb8 24. Nc2 Nc6 25. Kf3 Rfe8 26. Ke3 Kf8 27. b4 e5
28. f5 Nd4 29. Rd2 Rd6 30. Nxd4 exd4+ 31. Kf2 Re5 32. g4 h5 33. h3 hxg4 34.
hxg4 Re4 35. Kf3 Re3+ 36. Kf4 Rc3 37. Ke5 Rc6 38. Rxd4 R3xc4 39. Rfd1 Rxd4 40.
Rxd4 Ke7 41. Re4 Rc2 42. a4 a6 43. g5 Rd2 44. Kf4+ Kd6 45. g6 Rf2+ 46. Kg4 fxg6
47. Re6+ Kd5 48. Rxb6 gxf5+ 49. Kg3 Rb2 50. Kf4 g6 51. a5 Kc4 52. Rxa6 Rxb4
1/2-1/2

[Event "BL 9293 Dresden-HSK"]
[Site "?"]
[Date "1993.??.??"]
[Round "?.8"]
[White "Andresen, S."]
[Black "Sievers, S."]
[Result "1/2-1/2"]
[WhiteElo "2350"]
[BlackElo "2340"]
[PlyCount "138"]
[EventDate "1993.??.??"]

1. c4 c5 2. Nf3 Nf6 3. Nc3 Nc6 4. g3 d5 5. cxd5 Nxd5 6. Bg2 Nc7 7. O-O g6 8. d3
Bg7 9. Bd2 O-O 10. Qc1 b6 11. Bh6 Bb7 12. Bxg7 Kxg7 13. Ne5 Na5 14. Bxb7 Nxb7
15. Ng4 Nd6 16. Qh6+ Kg8 17. Qf4 f6 18. Ne3 Qd7 19. Qg4 Qxg4 20. Nxg4 Nf5 21.
Rfc1 Kf7 22. a3 Nd4 23. Rab1 Nb3 24. Rd1 Rfd8 25. f4 Nd5 26. Nxd5 Rxd5 27. e3
Rad8 28. Nf2 f5 29. Kf1 e5 30. Ke2 Ke6 31. h4 c4 32. dxc4 Rd2+ 33. Ke1 e4 34.
Kf1 Kd6 35. Ke1 Kc5 36. Rbc1 a5 37. Rc3 a4 38. Rxd2 Nxd2 39. Rc2 Nxc4 40. Ke2
b5 41. g4 Kb6 42. h5 fxg4 43. hxg6 hxg6 44. Nxe4 Rc8 45. Kd3 Rd8+ 46. Ke2 Rh8
47. Kd3 Rh3 48. Re2 Rh1 49. Nf6 Rg1 50. e4 g3 51. Nd5+ Kc5 52. Ne3 Rb1 53. Nxc4
bxc4+ 54. Ke3 Rd1 55. Kf3 Rd3+ 56. Kg4 Kd6 57. Rg2 Re3 58. e5+ Ke6 59. Rxg3 Re2
60. Kf3 Rxb2 61. Rxg6+ Kd5 62. Rd6+ Kc5 63. f5 c3 64. Ke3 c2 65. Kd2 c1=Q+ 66.
Kxc1 Re2 67. Rd3 Rxe5 68. Rf3 Kd6 69. f6 Re8 1/2-1/2

[Event "BL 9293 Erfurt-Delmenhorst"]
[Site "?"]
[Date "1993.??.??"]
[Round "?.1"]
[White "Hausner, I."]
[Black "Casper, T."]
[Result "1/2-1/2"]
[WhiteElo "2480"]
[BlackElo "2425"]
[PlyCount "71"]
[EventDate "1993.??.??"]

1. d4 Nf6 2. c4 d6 3. Nc3 Nbd7 4. Nf3 e5 5. g3 c6 6. Bg2 Be7 7. O-O O-O 8. Rb1
Re8 9. d5 cxd5 10. cxd5 Nc5 11. Nd2 a5 12. b3 Bd7 13. a3 Rc8 14. b4 axb4 15.
axb4 Nd3 16. exd3 Rxc3 17. Ne4 Rc8 18. Qb3 Bb5 19. Rd1 Qc7 20. Bh3 Bd7 21.
Nxf6+ Bxf6 22. Bxd7 Qxd7 23. Be3 h5 24. Rdc1 h4 25. Rxc8 Rxc8 26. Rc1 Rxc1+ 27.
Bxc1 b5 28. Qd1 Qc8 29. Bd2 h3 30. Kf1 Qa8 31. Qf3 Qa1+ 32. Ke2 Qg1 33. Qg4
Qxh2 34. Qc8+ Kh7 35. Qf5+ Kg8 36. Qc8+ 1/2-1/2

[Event "BL 9293 Erfurt-Delmenhorst"]
[Site "?"]
[Date "1993.??.??"]
[Round "?.2"]
[White "Jasnikowski, Z."]
[Black "Pekarek, A."]
[Result "1/2-1/2"]
[WhiteElo "2460"]
[BlackElo "2440"]
[PlyCount "87"]
[EventDate "1993.??.??"]

1. d4 g6 2. c4 Bg7 3. Nf3 c5 4. d5 Nf6 5. Nc3 O-O 6. e4 d6 7. Bd3 e6 8. O-O
exd5 9. exd5 Bg4 10. h3 Bxf3 11. Qxf3 Nfd7 12. Qd1 Ne5 13. Be2 f5 14. f4 Nf7
15. Bd2 Nd7 16. Qc2 Bd4+ 17. Kh2 Re8 18. Bf3 Nf6 19. g3 a6 20. a4 Qd7 21. Rae1
Rxe1 22. Rxe1 Re8 23. b3 Rxe1 24. Bxe1 Qe7 25. Qe2 Qe3 26. Qxe3 Bxe3 27. Nd1
Bd4 28. Bd2 h5 29. Kg2 Nh6 30. Nc3 Kf7 31. Kf1 b6 32. Ne2 Ne4 33. Be1 a5 34.
Nxd4 cxd4 35. Bd1 Ng8 36. Ke2 Nc5 37. Bf2 d3+ 38. Kd2 Nf6 39. Bxc5 Ne4+ 40.
Kxd3 bxc5 41. Ke3 Nxg3 42. h4 Ne4 43. Bf3 Nf6 44. Ke2 1/2-1/2

[Event "BL 9293 Erfurt-Delmenhorst"]
[Site "?"]
[Date "1993.??.??"]
[Round "?.3"]
[White "Hermann, Man"]
[Black "Mueller, Mat"]
[Result "1/2-1/2"]
[WhiteElo "2400"]
[BlackElo "2395"]
[PlyCount "40"]
[EventDate "1993.??.??"]

1. d4 d5 2. Nf3 Nf6 3. e3 e6 4. Bd3 c5 5. c3 Nc6 6. Nbd2 Bd6 7. O-O O-O 8. dxc5
Bxc5 9. e4 Qc7 10. Qe2 Ng4 11. h3 Nge5 12. Bc2 b6 13. Nxe5 Nxe5 14. Nb3 Ba6 15.
Qxa6 Nf3+ 16. gxf3 Qg3+ 17. Kh1 Qxh3+ 18. Kg1 Qg3+ 19. Kh1 Qh3+ 20. Kg1 Qg3+
1/2-1/2

[Event "BL 9293 Erfurt-Delmenhorst"]
[Site "?"]
[Date "1993.??.??"]
[Round "?.4"]
[White "Maiwald, JU."]
[Black "Borik, O."]
[Result "0-1"]
[WhiteElo "2400"]
[BlackElo "2390"]
[PlyCount "84"]
[EventDate "1993.??.??"]

1. d4 d5 2. c4 c6 3. Nf3 Nf6 4. e3 e6 5. Qc2 Nbd7 6. b3 Bd6 7. Bb2 Qe7 8. Nbd2
e5 9. cxd5 Nxd5 10. a3 exd4 11. Nxd4 Ne5 12. Be2 O-O 13. O-O Ng4 14. Bxg4 Bxg4
15. h3 Bd7 16. Nf5 Bxf5 17. Qxf5 g6 18. Qe4 Qxe4 19. Nxe4 Be7 20. Rac1 Rad8 21.
Rfd1 Rfe8 22. Nc5 Bxc5 23. Rxc5 f5 24. Rd4 Nc7 25. Re5 Kf7 26. Rxe8 Rxe8 27. g4
Ne6 28. Rd7+ Re7 29. Rd6 fxg4 30. hxg4 Nc5 31. b4 Ne4 32. Rd8 Ke6 33. a4 Rd7
34. Re8+ Re7 35. Rc8 Kd5 36. Bd4 Kc4 37. b5 c5 38. f3 Kb4 39. Bb2 Nd6 40. Rd8
Nc4 41. Bf6 Rf7 42. g5 Nxe3 0-1

[Event "BL 9293 Erfurt-Delmenhorst"]
[Site "?"]
[Date "1993.??.??"]
[Round "?.5"]
[White "Breutigam, M."]
[Black "Schwarz, M."]
[Result "1-0"]
[WhiteElo "2320"]
[BlackElo "2385"]
[PlyCount "59"]
[EventDate "1993.??.??"]

1. d4 g6 2. c4 Bg7 3. e4 d6 4. Nc3 Nc6 5. d5 Nd4 6. Nge2 c5 7. Nxd4 cxd4 8. Nb5
Qb6 9. c5 Qxc5 10. Bd2 Qb6 11. Qa4 Bd7 12. Ba5 Qc5 13. b4 Qc8 14. Qd1 b6 15.
Rc1 Qb8 16. Nc7+ Kf8 17. Ba6 bxa5 18. b5 Nf6 19. Nxa8 Nxe4 20. Rc7 Nc5 21. O-O
Qxa8 22. Qd2 Qb8 23. Qxa5 d3 24. Bc8 Bxc8 25. Qxa7 Qxc7 26. Qxc7 Bd4 27. Qxc8+
Kg7 28. Qc7 d2 29. Qa5 Ne4 30. Qa4 1-0

[Event "BL 9293 Erfurt-Delmenhorst"]
[Site "?"]
[Date "1993.??.??"]
[Round "?.6"]
[White "Brueggemann, Joa"]
[Black "Derikum, A."]
[Result "1-0"]
[WhiteElo "2330"]
[BlackElo "2315"]
[PlyCount "55"]
[EventDate "1993.??.??"]

1. e4 e5 2. Nf3 Nc6 3. d4 exd4 4. Nxd4 Bc5 5. Nb3 Bb6 6. Nc3 Nf6 7. a4 a5 8.
Bg5 d6 9. Bb5 h6 10. Bh4 g5 11. Bg3 Bd7 12. h4 Rg8 13. hxg5 hxg5 14. Qd2 Ne5
15. Nd4 Bxb5 16. Ndxb5 Qd7 17. O-O-O O-O-O 18. f3 Qc6 19. Rh6 Ned7 20. Bf2 Kb8
21. Bxb6 Qxb6 22. e5 dxe5 23. Nd5 Nxd5 24. Rxb6 N7xb6 25. Qxa5 Ne3 26. Re1 Nxg2
27. Rxe5 f6 28. Rc5 1-0

[Event "BL 9293 Erfurt-Delmenhorst"]
[Site "?"]
[Date "1993.??.??"]
[Round "?.7"]
[White "Meyer, Ho"]
[Black "Voekler, B."]
[Result "1/2-1/2"]
[WhiteElo "2330"]
[BlackElo "2335"]
[PlyCount "53"]
[EventDate "1993.??.??"]

1. d4 Nf6 2. Nf3 g6 3. c4 Bg7 4. Nc3 d5 5. Bg5 Ne4 6. cxd5 Nxg5 7. Nxg5 c6 8.
dxc6 Nxc6 9. e3 e5 10. d5 Qxg5 11. dxc6 O-O 12. Ne4 Qh4 13. Qa4 bxc6 14. Bc4
Kh8 15. Bb3 Bf5 16. Nd6 Qxa4 17. Bxa4 Bd3 18. Bb3 e4 19. O-O-O Rab8 20. Rd2 Kg8
21. f3 Rbd8 22. Nb7 Rb8 23. Nc5 Rb4 24. Nxd3 exd3 25. Rxd3 c5 26. a3 Rb7 27.
Rhd1 1/2-1/2